000
00310nas a2200121 4500
005
20211104160008.0
008
211104b ||||| |||| 00| 0 eng d
022
_a
2394-0352
040
_c
245
_a
Pearl multidisciplinary journal
260
_a
St. Philomena college,Puttur
_b
Aug 2021
942
_2
ddc
_c
PR
999
_c
220399
_d
220399